000 00293nam a22001337a 4500
008 170131b xxu||||| |||| 00| 0 eng d
020 _a9780135129739
041 _aeng
080 _a61
100 _a3
101 _aSHMI
245 _aCLINICAL COMPETENCIES
_cMCPHILLIPS, L.F
942 _2udc
_cBK
999 _c4091
_d4091